Normal view
MARC view
Entry Personal Name
001 - CONTROL NUMBER
- control field: 47156
003 - CONTROL NUMBER IDENTIFIER
- control field: dpl
005 - DATE AND TIME OF LATEST TRANSACTION
- control field: 20120516105632.0
008 - FIXED-LENGTH DATA ELEMENTS
- fixed length control field: 120516|||a|||||| | ||| d
040 ## - CATALOGING SOURCE
- Original cataloging agency: dpl
- Transcribing agency: dpl
100 ## - HEADING--PERSONAL NAME
- Personal name: Raysuni, Ahmad Al
670 ## - SOURCE DATA FOUND
- Source citation: Work cat.: (dpl)53582: Raysuni, Ahmad Al, Imam al-Shatibi's theory of the higher objectives and intenents of Islamic law /, 2011
670 ## - SOURCE DATA FOUND
- Source citation: Work cat.: (dpl)53582: Raysuni, Ahmad Al, Imam al-Shatibi's theory of the higher objectives and intenents of Islamic law /, 2011
